000 01292 a2200277 4500
999 _c7571
_d7571
020 _a97808213418345
050 0 0 _aHF 5414.13 INT 2001
245 0 0 _aInternational political risk management :
_blooking to the future /
_cTheodore H. Moran , Gerald T. West, and Keith Martin, editors.
264 _aWashington :
_bWorld Bank
_c2001
300 _ax, 21 p. :
_bill. ;
440 0 _aInternational political risk management ;
500 _aIncludes bibliographical references and index.
500 _a"The papers and commentary in this volume are based on the discussion ... at the ... Symposium on International Political Risk Management hosted by MIGA and Georgetown University, held November 12, 2004"--Introd.
504 _aIncludes bibliographical references and index.
650 0 _aRisk (Insurance)
650 0 _aRisk management
650 0 _aInvestment guaranty insurance
650 0 _aInvestments, Foreign
650 0 _aPolitical stability
700 1 _aMoran, Theodore H.,
_d1943-
_eeditor
700 1 _aWest, Gerald T.
_q(Gerald Thomas),
_d1944-
_eeditor
700 1 _aMartin, Geral-Keith.
_eeditor
710 2 _aMultilateral Investment Guarantee Agency.
942 _2lcc
_cBK
_h5414.13
_iINT
_kHF